[Event "DEM U10w 2023"]
[Site "Willingen GER"]
[Date "2023.06.02"]
[Round "9"]
[White "Bohatyrova, Mariia"]
[Black "Heidtkamp, Anna"]
[Result "1-0"]
[Termination "normal"]
[Board "1"]
[WhiteElo "1357"]
[BlackElo "1352"]
[WhiteClock "00:10:02"]
[BlackClock "00:04:52"]
[PlyCount "173"]
[WhiteFideId "34165789"]
[BlackFideId "16269012"]
[EventCountry "GER"]
[EventRounds "11"]
[EventType "swiss"]
[EventDate "2023.05.27"]

1. Nf3 {[%clk 01:15:59]} {[%emt 13:57:27]} d5 {[%clk 01:15:55]} {[%emt
00:00:06]} 2. d4 {[%clk 01:16:24]} {[%emt 00:00:04]} Nf6 {[%clk 01:16:19]}
{[%emt 00:00:05]} 3. c4 {[%clk 01:16:48]} {[%emt 00:00:06]} e6 {[%clk
01:16:45]} {[%emt 00:00:06]} 4. Nc3 {[%clk 01:17:14]} {[%emt 00:00:04]} Be7
{[%clk 01:17:09]} {[%emt 00:00:05]} 5. Bg5 {[%clk 01:17:37]} {[%emt 00:00:06]}
O-O {[%clk 01:17:34]} {[%emt 00:00:07]} 6. e3 {[%clk 01:18:02]} {[%emt
00:00:04]} b6 {[%clk 01:17:59]} {[%emt 00:00:06]} 7. Rc1 {[%clk 01:18:21]}
{[%emt 00:00:10]} c5 {[%clk 01:18:25]} {[%emt 00:00:05]} 8. cxd5 {[%clk
01:17:51]} {[%emt 00:00:59]} cxd4 {[%clk 01:16:02]} {[%emt 00:02:54]} 9. exd4
{[%clk 01:15:23]} {[%emt 00:02:57]} Nxd5 {[%clk 01:13:52]} {[%emt 00:02:40]}
10. Bxe7 {[%clk 01:15:17]} {[%emt 00:00:35]} Qxe7 {[%clk 01:13:28]} {[%emt
00:00:54]} 11. Be2 {[%clk 01:09:07]} {[%emt 00:06:39]} Bb7 {[%clk 00:59:25]}
{[%emt 00:14:34]} 12. O-O {[%clk 01:06:53]} {[%emt 00:02:44]} Rd8 {[%clk
00:52:14]} {[%emt 00:07:42]} 13. Bc4 {[%clk 00:47:47]} {[%emt 00:19:34]} Nc6
{[%clk 00:36:35]} {[%emt 00:16:11]} 14. Nxd5 {[%clk 00:47:25]} {[%emt
00:00:52]} exd5 {[%clk 00:36:54]} {[%emt 00:00:11]} 15. Bb5 {[%clk 00:43:10]}
{[%emt 00:04:44]} Qf6 {[%clk 00:31:28]} {[%emt 00:05:56]} 16. Qa4 {[%clk
00:24:19]} {[%emt 00:19:20]} Rdc8 {[%clk 00:23:26]} {[%emt 00:08:34]} 17. Rfe1
{[%clk 00:18:04]} {[%emt 00:06:42]} a6 {[%clk 00:20:33]} {[%emt 00:03:26]} 18.
Bxc6 {[%clk 00:17:28]} {[%emt 00:01:05]} Rxc6 {[%clk 00:20:38]} {[%emt
00:00:26]} 19. Rxc6 {[%clk 00:17:15]} {[%emt 00:00:42]} Bxc6 {[%clk 00:21:01]}
{[%emt 00:00:08]} 20. Qb3 {[%clk 00:17:26]} {[%emt 00:00:18]} Rb8 {[%clk
00:17:51]} {[%emt 00:03:41]} 21. Ne5 {[%clk 00:16:50]} {[%emt 00:01:03]} Qd6
{[%clk 00:14:32]} {[%emt 00:03:52]} 22. Rc1 {[%clk 00:11:34]} {[%emt 00:05:42]}
Bb5 {[%clk 00:10:08]} {[%emt 00:04:58]} 23. Qc3 {[%clk 00:06:37]} {[%emt
00:05:20]} f6 {[%clk 00:04:41]} {[%emt 00:06:04]} 24. Nf3 {[%clk 00:02:23]}
{[%emt 00:04:35]} Re8 {[%clk 00:02:21]} {[%emt 00:02:59]} 25. Re1 {[%clk
00:02:17]} {[%emt 00:00:33]} Rxe1+ {[%clk 00:02:27]} {[%emt 00:00:27]} 26. Nxe1
{[%clk 00:02:20]} {[%emt 00:00:26]} Qe7 {[%clk 00:02:06]} {[%emt 00:00:52]} 27.
Qe3 {[%clk 00:02:39]} {[%emt 00:00:10]} Qxe3 {[%clk 00:02:02]} {[%emt
00:00:34]} 28. fxe3 {[%clk 00:03:05]} {[%emt 00:00:04]} Kf7 {[%clk 00:02:28]}
{[%emt 00:00:04]} 29. Kf2 {[%clk 00:03:24]} {[%emt 00:00:11]} Ke6 {[%clk
00:02:48]} {[%emt 00:00:10]} 30. Kf3 {[%clk 00:03:32]} {[%emt 00:00:22]} Kf5
{[%clk 00:03:09]} {[%emt 00:00:10]} 31. g3 {[%clk 00:03:19]} {[%emt 00:00:43]}
Bf1 {[%clk 00:02:53]} {[%emt 00:00:46]} 32. Kf2 {[%clk 00:02:07]} {[%emt
00:01:39]} Bh3 {[%clk 00:02:54]} {[%emt 00:00:31]} 33. Nd3 {[%clk 00:01:09]}
{[%emt 00:01:28]} Ke4 {[%clk 00:02:28]} {[%emt 00:00:54]} 34. Nf4 {[%clk
00:00:45]} {[%emt 00:00:56]} Bg4 {[%clk 00:01:57]} {[%emt 00:01:00]} 35. h3
{[%clk 00:01:04]} {[%emt 00:00:11]} Bd1 {[%clk 00:01:09]} {[%emt 00:01:19]} 36.
Ke1 {[%clk 00:01:06]} {[%emt 00:00:26]} Bf3 {[%clk 00:01:21]} {[%emt 00:00:21]}
37. Kf2 {[%clk 00:01:29]} {[%emt 00:00:06]} Bd1 {[%clk 00:01:47]} {[%emt
00:00:04]} 38. Ke1 {[%clk 00:01:12]} {[%emt 00:00:47]} Bf3 {[%clk 00:02:14]}
{[%emt 00:00:04]} 39. Kd2 {[%clk 00:01:17]} {[%emt 00:00:24]} g5 {[%clk
00:02:00]} {[%emt 00:00:44]} 40. Ne6 {[%clk 00:01:16]} {[%emt 00:00:29]} Bg2
{[%clk 00:01:55]} {[%emt 00:00:38]} 41. h4 {[%clk 00:01:07]} {[%emt 00:00:38]}
gxh4 {[%clk 00:01:07]} {[%emt 00:01:18]} 42. gxh4 {[%emt 00:03:26]} Kf5 {[%clk
00:13:39]} 43. Nf4 {[%clk 00:16:12]} {[%emt 00:00:25]} Be4 {[%clk 00:13:44]}
{[%emt 00:00:18]} 44. Ke2 {[%clk 00:15:43]} {[%emt 00:01:07]} Kg4 {[%clk
00:13:29]} {[%emt 00:00:44]} 45. h5 {[%clk 00:16:04]} {[%emt 00:00:09]} Kg3
{[%clk 00:12:00]} {[%emt 00:01:58]} 46. Ke1 {[%clk 00:12:00]} {[%emt 00:04:35]}
Bf3 {[%clk 00:12:07]} {[%emt 00:00:15]} 47. Kf1 {[%clk 00:11:55]} {[%emt
00:00:40]} Be4 {[%clk 00:11:29]} {[%emt 00:01:12]} 48. Ke2 {[%clk 00:11:49]}
{[%emt 00:00:30]} Bb1 {[%clk 00:11:14]} {[%emt 00:00:51]} 49. Nxd5 {[%clk
00:11:25]} {[%emt 00:00:54]} f5 {[%clk 00:07:43]} {[%emt 00:04:02]} 50. a3
{[%clk 00:09:52]} {[%emt 00:02:02]} Ba2 {[%clk 00:07:18]} {[%emt 00:00:54]} 51.
Nf6 {[%clk 00:04:17]} {[%emt 00:06:02]} Kh4 {[%clk 00:05:14]} {[%emt 00:02:39]}
52. Nxh7 {[%clk 00:04:15]} {[%emt 00:00:31]} Kxh5 {[%clk 00:05:37]} {[%emt
00:00:07]} 53. Nf6+ {[%clk 00:04:22]} {[%emt 00:00:22]} Kg6 {[%clk 00:06:03]}
{[%emt 00:00:05]} 54. Nd7 {[%clk 00:04:31]} {[%emt 00:00:13]} Bc4+ {[%clk
00:05:57]} {[%emt 00:00:44]} 55. Kd2 {[%clk 00:04:52]} {[%emt 00:00:09]} Bb5
{[%clk 00:03:56]} {[%emt 00:02:32]} 56. Nxb6 {[%clk 00:05:05]} {[%emt
00:00:16]} Kf6 {[%clk 00:04:11]} {[%emt 00:00:14]} 57. Nd5+ {[%clk 00:05:26]}
{[%emt 00:00:09]} Kf7 {[%clk 00:04:14]} {[%emt 00:00:28]} 58. Kc3 {[%clk
00:05:38]} {[%emt 00:00:17]} Kg6 {[%clk 00:03:07]} {[%emt 00:01:37]} 59. Nc7
{[%clk 00:04:57]} {[%emt 00:01:10]} Bf1 {[%clk 00:03:28]} {[%emt 00:00:11]} 60.
Ne6 {[%clk 00:05:09]} {[%emt 00:00:16]} Kf6 {[%clk 00:03:30]} {[%emt 00:00:30]}
61. Nf4 {[%clk 00:05:21]} {[%emt 00:00:18]} Ke7 {[%clk 00:03:43]} {[%emt
00:00:18]} 62. Kb4 {[%clk 00:05:40]} {[%emt 00:00:09]} Kd6 {[%clk 00:04:01]}
{[%emt 00:00:14]} 63. Ka5 {[%clk 00:05:42]} {[%emt 00:00:25]} Kc6 {[%clk
00:04:13]} {[%emt 00:00:20]} 64. b4 {[%clk 00:05:52]} {[%emt 00:00:19]} Bc4
{[%clk 00:04:15]} {[%emt 00:00:28]} 65. a4 {[%clk 00:05:47]} {[%emt 00:00:35]}
Bf1 {[%clk 00:04:35]} {[%emt 00:00:11]} 66. d5+ {[%clk 00:04:48]} {[%emt
00:01:29]} Kb7 {[%clk 00:04:42]} {[%emt 00:00:23]} 67. b5 {[%clk 00:05:06]}
{[%emt 00:00:12]} axb5 {[%clk 00:02:47]} {[%emt 00:02:26]} 68. axb5 {[%clk
00:05:32]} {[%emt 00:00:04]} Bc4 {[%clk 00:02:49]} {[%emt 00:00:26]} 69. d6
{[%clk 00:05:08]} {[%emt 00:00:52]} Kc8 {[%clk 00:02:18]} {[%emt 00:01:04]} 70.
Kb6 {[%clk 00:05:28]} {[%emt 00:00:10]} Kd7 {[%clk 00:02:14]} {[%emt 00:00:34]}
71. Kc5 {[%clk 00:05:47]} {[%emt 00:00:11]} Bxb5 {[%clk 00:01:39]} {[%emt
00:01:06]} 72. Kxb5 {[%clk 00:06:10]} {[%emt 00:00:07]} Kxd6 {[%clk 00:02:07]}
{[%emt 00:00:02]} 73. Kc4 {[%clk 00:06:24]} {[%emt 00:00:15]} Ke5 {[%clk
00:02:27]} {[%emt 00:00:08]} 74. Kd3 {[%clk 00:06:46]} {[%emt 00:00:09]} Kf6
{[%clk 00:02:29]} {[%emt 00:00:28]} 75. Kd4 {[%clk 00:07:10]} {[%emt 00:00:07]}
Kg5 {[%clk 00:02:46]} {[%emt 00:00:13]} 76. Ke5 {[%clk 00:07:31]} {[%emt
00:00:09]} Kg4 {[%clk 00:03:08]} {[%emt 00:00:08]} 77. Nd5 {[%clk 00:07:30]}
{[%emt 00:00:31]} Kg5 {[%clk 00:03:14]} {[%emt 00:00:24]} 78. Ne7 {[%clk
00:07:54]} {[%emt 00:00:06]} f4 {[%clk 00:02:11]} {[%emt 00:01:33]} 79. exf4
{[%clk 00:08:17]} {[%emt 00:00:06]} Kh6 {[%clk 00:02:38]} {[%emt 00:00:04]} 80.
f5 {[%clk 00:08:30]} {[%emt 00:00:17]} Kg7 {[%clk 00:02:57]} {[%emt 00:00:11]}
81. Ke6 {[%clk 00:08:42]} {[%emt 00:00:19]} Kf8 {[%clk 00:03:15]} {[%emt
00:00:12]} 82. f6 {[%clk 00:09:03]} {[%emt 00:00:08]} Ke8 {[%clk 00:03:38]}
{[%emt 00:00:08]} 83. f7+ {[%clk 00:09:21]} {[%emt 00:00:10]} Kf8 {[%clk
00:04:03]} {[%emt 00:00:07]} 84. Ng6+ {[%clk 00:09:43]} {[%emt 00:00:07]} Kg7
{[%clk 00:04:22]} {[%emt 00:00:11]} 85. f8=Q+ {[%emt 00:00:10]} Kh7 {[%clk
00:04:37]} {[%emt 00:00:14]} 86. Qf6 {[%clk 00:09:57]} {[%emt 00:00:35]} Kh6
{[%clk 00:04:52]} {[%emt 00:00:18]} 87. Nh4 {[%clk 00:10:02]} {[%emt 00:00:22]}
1-0

[Event "DEM U10w 2023"]
[Site "Willingen GER"]
[Date "2023.06.02"]
[Round "9"]
[White "Frydel, Helena"]
[Black "Shynkar, Daria"]
[Result "0-1"]
[Termination "normal"]
[Board "2"]
[WhiteElo "1161"]
[BlackElo "1179"]
[WhiteClock "00:17:22"]
[BlackClock "00:20:19"]
[PlyCount "106"]
[WhiteFideId "16266536"]
[BlackFideId "34163212"]
[EventCountry "GER"]
[EventRounds "11"]
[EventType "swiss"]
[EventDate "2023.05.27"]

1. e4 {[%clk 01:15:57]} {[%emt 00:00:03]} c5 {[%clk 01:15:57]} {[%emt
00:00:03]} 2. Nf3 {[%clk 01:16:19]} {[%emt 00:00:08]} Nc6 {[%clk 01:16:23]}
{[%emt 00:00:04]} 3. Bb5 {[%clk 01:16:44]} {[%emt 00:00:05]} e6 {[%clk
01:15:46]} {[%emt 00:01:07]} 4. Bxc6 {[%clk 01:17:03]} {[%emt 00:00:11]} bxc6
{[%clk 01:16:08]} {[%emt 00:00:07]} 5. O-O {[%clk 01:16:47]} {[%emt 00:00:47]}
d5 {[%clk 01:16:32]} {[%emt 00:00:06]} 6. e5 {[%clk 01:15:34]} {[%emt
00:01:43]} Ne7 {[%clk 01:15:36]} {[%emt 00:01:26]} 7. d4 {[%clk 01:15:29]}
{[%emt 00:00:35]} cxd4 {[%clk 01:15:45]} {[%emt 00:00:21]} 8. Nxd4 {[%clk
01:15:40]} {[%emt 00:00:19]} c5 {[%clk 01:16:06]} {[%emt 00:00:09]} 9. Nf3
{[%clk 01:15:15]} {[%emt 00:00:54]} Ng6 {[%clk 01:15:52]} {[%emt 00:00:45]} 10.
c3 {[%clk 01:13:18]} {[%emt 00:02:27]} Be7 {[%clk 01:15:29]} {[%emt 00:00:53]}
11. Be3 {[%clk 01:12:26]} {[%emt 00:01:20]} Rb8 {[%clk 01:15:19]} {[%emt
00:00:41]} 12. b3 {[%clk 01:11:36]} {[%emt 00:01:21]} Qc7 {[%clk 01:15:20]}
{[%emt 00:00:27]} 13. Qd2 {[%clk 01:09:28]} {[%emt 00:02:39]} O-O {[%clk
01:12:24]} {[%emt 00:03:27]} 14. h3 {[%clk 01:06:14]} {[%emt 00:03:43]} Bb7
{[%clk 01:11:21]} {[%emt 00:01:34]} 15. Bg5 {[%clk 00:57:29]} {[%emt 00:09:15]}
Bxg5 {[%clk 01:10:07]} {[%emt 00:01:43]} 16. Qxg5 {[%clk 00:57:49]} {[%emt
00:00:10]} h6 {[%clk 01:10:31]} {[%emt 00:00:07]} 17. Qe3 {[%clk 00:56:45]}
{[%emt 00:01:33]} Rfd8 {[%clk 01:03:32]} {[%emt 00:07:30]} 18. Re1 {[%clk
00:53:11]} {[%emt 00:04:04]} Qb6 {[%clk 00:56:50]} {[%emt 00:07:12]} 19. Nbd2
{[%emt 00:05:09]} a5 {[%clk 00:54:50]} 20. a4 {[%clk 00:46:40]} {[%emt
00:04:52]} Qc7 {[%clk 00:52:55]} {[%emt 00:02:24]} 21. Rac1 {[%clk 00:46:01]}
{[%emt 00:01:09]} Ba6 {[%clk 00:48:11]} {[%emt 00:05:10]} 22. Rc2 {[%clk
00:40:04]} {[%emt 00:06:32]} Ne7 {[%clk 00:47:52]} {[%emt 00:00:49]} 23. g4
{[%clk 00:37:10]} {[%emt 00:03:24]} Qb6 {[%clk 00:30:17]} {[%emt 00:18:05]} 24.
Rcc1 {[%clk 00:34:39]} {[%emt 00:03:01]} d4 {[%clk 00:29:51]} {[%emt 00:00:57]}
25. Qe4 {[%clk 00:31:17]} {[%emt 00:03:51]} Bb7 {[%clk 00:30:03]} {[%emt
00:00:18]} 26. Qe2 {[%clk 00:30:31]} {[%emt 00:01:15]} d3 {[%clk 00:28:45]}
{[%emt 00:01:49]} 27. Qe3 {[%clk 00:29:33]} {[%emt 00:01:27]} Nd5 {[%clk
00:26:43]} {[%emt 00:02:31]} 28. Qxd3 {[%clk 00:29:13]} {[%emt 00:00:52]} Nf4
{[%clk 00:27:06]} {[%emt 00:00:06]} 29. Qb1 {[%clk 00:24:42]} {[%emt 00:05:01]}
Nd3 {[%clk 00:25:50]} {[%emt 00:01:47]} 30. Nc4 {[%clk 00:21:46]} {[%emt
00:03:25]} Qc7 {[%clk 00:23:32]} {[%emt 00:02:47]} 31. Nfd2 {[%clk 00:21:17]}
{[%emt 00:01:01]} Nxc1 {[%clk 00:22:29]} {[%emt 00:01:33]} 32. Qxc1 {[%clk
00:21:29]} {[%emt 00:00:17]} Ba6 {[%clk 00:19:02]} {[%emt 00:03:58]} 33. Nd6
{[%clk 00:20:52]} {[%emt 00:01:07]} f6 {[%emt 00:01:38]} 34. f4 {[%clk
00:20:44]} Qb6 {[%clk 00:18:05]} {[%emt 00:00:54]} 35. Qc2 {[%clk 00:19:29]}
{[%emt 00:01:46]} c4+ {[%clk 00:18:15]} {[%emt 00:00:21]} 36. Kh2 {[%clk
00:17:40]} {[%emt 00:03:40]} Qf2+ {[%clk 00:20:33]} {[%emt 00:00:11]} 37. Kh1
{[%clk 00:17:47]} {[%emt 00:00:23]} Qxe1+ {[%clk 00:20:57]} {[%emt 00:00:07]}
38. Kg2 {[%clk 00:17:44]} {[%emt 00:00:32]} Bb7+ {[%clk 00:21:10]} {[%emt
00:00:17]} 39. Nf3 {[%clk 00:17:45]} {[%emt 00:00:29]} Bxf3+ {[%clk 00:21:04]}
{[%emt 00:00:36]} 40. Kxf3 {[%clk 00:18:06]} {[%emt 00:00:10]} Qf1+ {[%clk
00:21:17]} {[%emt 00:00:16]} 41. Ke3 {[%clk 00:18:18]} {[%emt 00:00:18]} Qxh3+
{[%clk 00:21:14]} {[%emt 00:00:33]} 42. Kd4 {[%clk 00:17:28]} {[%emt 00:00:58]}
fxe5+ {[%clk 00:21:31]} {[%emt 00:00:35]} 43. fxe5 {[%clk 00:17:41]} {[%emt
00:00:17]} Qxg4+ {[%clk 00:21:54]} {[%emt 00:00:07]} 44. Ke3 {[%clk 00:17:56]}
{[%emt 00:00:14]} cxb3 {[%clk 00:22:06]} {[%emt 00:00:19]} 45. Qb2 {[%clk
00:17:54]} {[%emt 00:00:32]} Qg3+ {[%clk 00:22:17]} {[%emt 00:00:18]} 46. Ke4
{[%clk 00:18:05]} {[%emt 00:00:19]} Qg6+ {[%clk 00:22:38]} {[%emt 00:00:09]}
47. Ke3 {[%clk 00:18:22]} {[%emt 00:00:14]} Qc2 {[%clk 00:23:00]} {[%emt
00:00:09]} 48. Qa3 {[%clk 00:17:00]} {[%emt 00:01:52]} b2 {[%clk 00:21:02]}
{[%emt 00:02:27]} 49. Qc5 {[%clk 00:16:47]} {[%emt 00:00:42]} b1=Q {[%clk
00:18:58]} {[%emt 00:02:36]} 50. Qd4 {[%clk 00:16:44]} {[%emt 00:00:32]} Qe1+
{[%clk 00:19:17]} {[%emt 00:00:10]} 51. Kf3 {[%clk 00:16:49]} {[%emt 00:00:26]}
Rf8+ {[%clk 00:19:35]} {[%emt 00:00:13]} 52. Kg4 {[%clk 00:17:06]} {[%emt
00:00:12]} Qg6+ {[%clk 00:19:55]} {[%emt 00:00:11]} 53. Kh3 {[%clk 00:17:22]}
{[%emt 00:00:13]} Qh1# {[%clk 00:20:19]} {[%emt 00:00:06]} 0-1

[Event "DEM U10w 2023"]
[Site "Willingen GER"]
[Date "2023.06.02"]
[Round "9"]
[White "Tischlinger, Lara"]
[Black "Schirmbeck, Lilian"]
[Result "1-0"]
[Termination "normal"]
[Board "3"]
[WhiteElo "1238"]
[BlackElo "1661"]
[WhiteClock "00:11:09"]
[BlackClock "00:13:26"]
[PlyCount "65"]
[WhiteFideId "34663401"]
[BlackFideId "34620532"]
[EventCountry "GER"]
[EventRounds "11"]
[EventType "swiss"]
[EventDate "2023.05.27"]

1. e4 {[%clk 01:15:57]} {[%emt 00:00:02]} e5 {[%clk 01:15:50]} {[%emt
00:00:11]} 2. Nf3 {[%clk 01:16:22]} {[%emt 00:00:05]} Nf6 {[%clk 01:16:15]}
{[%emt 00:00:05]} 3. d4 {[%clk 01:16:43]} {[%emt 00:00:08]} Nxe4 {[%clk
01:16:07]} {[%emt 00:00:38]} 4. Bd3 {[%clk 01:16:44]} {[%emt 00:00:29]} d5
{[%clk 01:15:57]} {[%emt 00:00:40]} 5. dxe5 {[%clk 01:16:45]} {[%emt 00:00:29]}
Bf5 {[%clk 01:10:39]} {[%emt 00:05:48]} 6. O-O {[%clk 01:10:06]} {[%emt
00:07:08]} Bc5 {[%clk 01:05:40]} {[%emt 00:05:30]} 7. Nbd2 {[%clk 01:05:21]}
{[%emt 00:04:57]} O-O {[%clk 01:00:59]} {[%emt 00:05:30]} 8. Qe2 {[%clk
01:02:46]} {[%emt 00:03:04]} Nxd2 {[%clk 00:59:16]} {[%emt 00:02:14]} 9. Bxd2
{[%clk 01:01:42]} {[%emt 00:01:33]} Bxd3 {[%clk 00:58:56]} {[%emt 00:00:51]}
10. Qxd3 {[%clk 00:59:49]} {[%emt 00:02:23]} h6 {[%clk 00:57:36]} {[%emt
00:01:49]} 11. b4 {[%clk 00:53:35]} {[%emt 00:06:44]} Bb6 {[%clk 00:57:38]}
{[%emt 00:00:29]} 12. a3 {[%clk 00:50:19]} {[%emt 00:03:45]} c6 {[%clk
00:56:34]} {[%emt 00:01:35]} 13. Nd4 {[%clk 00:47:52]} {[%emt 00:02:55]} Nd7
{[%clk 00:50:59]} {[%emt 00:06:06]} 14. Rae1 {[%clk 00:40:17]} {[%emt
00:08:06]} Re8 {[%clk 00:46:10]} {[%emt 00:05:19]} 15. e6 {[%clk 00:37:57]}
{[%emt 00:02:50]} fxe6 {[%clk 00:43:11]} {[%emt 00:03:28]} 16. Nxe6 {[%clk
00:34:31]} {[%emt 00:03:56]} Qf6 {[%clk 00:42:06]} {[%emt 00:01:35]} 17. Bc3
{[%clk 00:33:29]} {[%emt 00:01:32]} Qf7 {[%clk 00:42:07]} {[%emt 00:00:28]} 18.
Qg3 {[%clk 00:28:10]} {[%emt 00:05:50]} Nf6 {[%clk 00:36:19]} {[%emt 00:06:18]}
19. Nxg7 {[%clk 00:24:17]} {[%emt 00:04:23]} Ne4 {[%clk 00:24:59]} {[%emt
00:11:50]} 20. Rxe4 {[%clk 00:18:48]} {[%emt 00:05:59]} Rxe4 {[%clk 00:24:39]}
{[%emt 00:00:51]} 21. Nh5+ {[%clk 00:17:47]} {[%emt 00:01:31]} Kf8 {[%clk
00:23:18]} {[%emt 00:01:51]} 22. Qd6+ {[%clk 00:14:04]} {[%emt 00:04:13]} Qe7
{[%clk 00:22:08]} {[%emt 00:01:39]} 23. Qxh6+ {[%clk 00:13:51]} {[%emt
00:00:42]} Kf7 {[%clk 00:20:46]} {[%emt 00:01:53]} 24. Qg7+ {[%clk 00:11:17]}
{[%emt 00:03:04]} Ke6 {[%clk 00:13:20]} {[%emt 00:07:56]} 25. Qg6+ {[%clk
00:11:27]} {[%emt 00:00:21]} Kd7 {[%clk 00:12:42]} {[%emt 00:01:07]} 26. Nf6+
{[%clk 00:11:49]} {[%emt 00:00:09]} Kc7 {[%clk 00:12:28]} {[%emt 00:00:44]} 27.
Nxe4 {[%clk 00:12:01]} {[%emt 00:00:17]} dxe4 {[%clk 00:12:38]} {[%emt
00:00:21]} 28. Qg3+ {[%clk 00:11:46]} {[%emt 00:00:44]} Kd8 {[%clk 00:12:51]}
{[%emt 00:00:18]} 29. Rd1+ {[%clk 00:12:07]} {[%emt 00:00:09]} Kc8 {[%clk
00:12:39]} {[%emt 00:00:42]} 30. Qg4+ {[%clk 00:11:53]} {[%emt 00:00:44]} Kc7
{[%clk 00:12:57]} {[%emt 00:00:12]} 31. Qf4+ {[%clk 00:11:03]} {[%emt
00:01:20]} Kc8 {[%clk 00:13:20]} {[%emt 00:00:07]} 32. Bf6 {[%clk 00:10:57]}
{[%emt 00:00:36]} Qf7 {[%clk 00:13:26]} {[%emt 00:00:24]} 33. Qf5+ {[%clk
00:11:09]} {[%emt 00:00:18]} 1-0

[Event "DEM U10w 2023"]
[Site "Willingen GER"]
[Date "2023.06.02"]
[Round "9"]
[White "Kühn, Nicole"]
[Black "Nönnig, Lotte"]
[Result "1-0"]
[Termination "normal"]
[Board "4"]
[WhiteElo "1048"]
[BlackElo "1341"]
[WhiteClock "00:38:21"]
[BlackClock "00:04:46"]
[PlyCount "47"]
[WhiteFideId "34610510"]
[BlackFideId "34611509"]
[EventCountry "GER"]
[EventRounds "11"]
[EventType "swiss"]
[EventDate "2023.05.27"]

1. e4 {[%clk 01:14:25]} {[%emt 00:01:33]} e5 {[%clk 01:15:41]} {[%emt
00:00:19]} 2. Nf3 {[%clk 01:12:38]} {[%emt 00:02:17]} Nc6 {[%clk 01:15:43]}
{[%emt 00:00:28]} 3. Bc4 {[%clk 01:06:24]} {[%emt 00:06:45]} Bc5 {[%clk
01:15:50]} {[%emt 00:00:22]} 4. c3 {[%clk 01:05:58]} {[%emt 00:00:56]} Nf6
{[%clk 01:15:58]} {[%emt 00:00:22]} 5. d3 {[%clk 01:05:44]} {[%emt 00:00:45]}
O-O {[%clk 01:15:26]} {[%emt 00:01:01]} 6. Bg5 {[%clk 01:05:15]} {[%emt
00:00:59]} a6 {[%clk 01:12:31]} {[%emt 00:03:27]} 7. b4 {[%clk 01:03:42]}
{[%emt 00:02:02]} Ba7 {[%clk 01:12:11]} {[%emt 00:00:50]} 8. O-O {[%clk
01:00:31]} {[%emt 00:03:41]} b5 {[%clk 01:10:04]} {[%emt 00:02:37]} 9. Bd5
{[%clk 01:00:26]} {[%emt 00:00:34]} Bb7 {[%clk 01:09:04]} {[%emt 00:01:30]} 10.
Bxc6 {[%emt 00:00:46]} Bxc6 {[%clk 01:08:47]} {[%emt 00:00:46]} 11. Nxe5 {[%emt
00:00:40]} Qe7 {[%clk 01:06:26]} {[%emt 00:02:46]} 12. Ng4 {[%clk 00:59:51]}
{[%emt 00:00:45]} Kh8 {[%clk 01:04:38]} {[%emt 00:02:18]} 13. Qf3 {[%clk
00:59:16]} {[%emt 00:01:06]} Qe6 {[%clk 01:00:25]} {[%emt 00:04:27]} 14. Nxf6
{[%clk 00:59:25]} {[%emt 00:00:36]} Qe5 {[%clk 00:50:53]} {[%emt 00:10:01]} 15.
Bh4 {[%clk 00:57:06]} {[%emt 00:02:46]} Qe6 {[%clk 00:37:08]} {[%emt 00:14:18]}
16. Nd2 {[%clk 00:56:08]} {[%emt 00:01:30]} d6 {[%clk 00:30:22]} {[%emt
00:07:16]} 17. Nd5 {[%clk 00:54:37]} {[%emt 00:02:00]} Bxd5 {[%clk 00:23:01]}
{[%emt 00:07:52]} 18. exd5 {[%clk 00:54:10]} {[%emt 00:00:57]} Qh6 {[%clk
00:21:48]} {[%emt 00:01:41]} 19. Be7 {[%clk 00:52:13]} {[%emt 00:02:28]} Rfe8
{[%clk 00:20:11]} {[%emt 00:02:08]} 20. Qe2 {[%clk 00:51:11]} {[%emt 00:01:30]}
Rad8 {[%clk 00:16:24]} {[%emt 00:04:17]} 21. Rfe1 {[%clk 00:41:27]} {[%emt
00:10:15]} Rd7 {[%clk 00:14:36]} {[%emt 00:02:19]} 22. Bg5 {[%clk 00:40:50]}
{[%emt 00:01:04]} Rxe2 {[%clk 00:13:44]} {[%emt 00:01:25]} 23. Rxe2 {[%clk
00:38:21]} {[%emt 00:00:08]} g6 {[%clk 00:04:46]} {[%emt 00:12:19]} 24. Bxh6
{[%emt 00:00:50]} 1-0